书目信息 |
| 题名: |
汽车运用基础
|
|
| 作者: | 王春风 , 赵青青 , 王晶 主编 | |
| 分册: | ||
| 出版信息: | 镇江 江苏大学出版社 2016.6 |
|
| 页数: | 222页 | |
| 开本: | 26cm | |
| 丛书名: | ||
| 单 册: | ||
| 中图分类: | U471.2 | |
| 科图分类: | ||
| 主题词: | 汽车--应用--高等学校--教材 | |
| 电子资源: | ||
| ISBN: | 978-7-5684-0227-9 | |
| 000 | 00974nam0 2200265 450 | |
| 001 | 0400003215 | |
| 005 | 20171021205623.0 | |
| 010 | @a978-7-5684-0227-9@dCNY39.80 | |
| 100 | @a20171021e2016 em y0chiy ea | |
| 101 | 0 | @achi |
| 102 | @aCN@b320000 | |
| 105 | @aa z 000yy | |
| 106 | @ar | |
| 200 | 1 | @a汽车运用基础@9qi che yun yong ji chu@f王春风,赵青青,王晶主编 |
| 210 | @a镇江@c江苏大学出版社@d2016.6@h2016.7 | |
| 215 | @a222页@c图@d26cm | |
| 300 | @a“十三五”精品课程建设规划教材·汽车类 | |
| 330 | @a本书内容共分8个项目,分别介绍了汽车选购及其相关手续、汽车性能评价、汽车运行材料及其选用、汽车的维护与修理、一般条件下的合理用车、汽车技术管理、汽车安全与公害防治、汽车检测与审验等方面的内容。 | |
| 606 | 0 | @a汽车@x应用@x高等学校@j教材 |
| 690 | @aU471.2@v5 | |
| 701 | 0 | @a王春风@9wang chun feng@4主编 |
| 701 | 0 | @a赵青青@9zhao qing qing@4主编 |
| 701 | 0 | @a王晶@9wang jing@4主编 |
| 801 | 0 | @aCN@b91MARC@c20171021 |
| 905 | @b1035776-80@dU471.2@f5@e633 | |
| 汽车运用基础/王春风,赵青青,王晶主编.-镇江:江苏大学出版社,2016.6(2016.7) |
| 222页:图;26cm |
| “十三五”精品课程建设规划教材·汽车类 |
| ISBN 978-7-5684-0227-9:CNY39.80 |
| 本书内容共分8个项目,分别介绍了汽车选购及其相关手续、汽车性能评价、汽车运行材料及其选用、汽车的维护与修理、一般条件下的合理用车、汽车技术管理、汽车安全与公害防治、汽车检测与审验等方面的内容。 |
| ● |
| 相关链接 |
|
|
|
|
正题名:汽车运用基础
索取号:U471.2/633
 
预约/预借
| 序号 | 登录号 | 条形码 | 馆藏地/架位号 | 状态 | 备注 |
| 1 | 1035776 | 210357763 | 第二样本阅览室/ [索取号:U471.2/633] | 在馆 | |
| 2 | 1035777 | 210357772 | 密集书库-物理学院/ [索取号:U471.2/633] | 在馆 | |
| 3 | 1035778 | 210357781 | 第三借阅区/ [索取号:U471.2/633] | 在馆 | |
| 4 | 1035779 | 210357790 | 第三借阅区/ [索取号:U471.2/633] | 在馆 | |
| 5 | 1035780 | 210357807 | 第三借阅区/ [索取号:U471.2/633] | 在馆 |